| 000 | 00550 a2200169 4500 | ||
|---|---|---|---|
| 005 | 20250606082608.0 | ||
| 020 | _a978-0-07-068260-3 | ||
| 082 | _aLECT 658.8 CRA | ||
| 100 | _aCRAVENS, D. W. | ||
| 245 | _aStrategic marketing | ||
| 250 | _a8th Ed. | ||
| 260 |
_aNew Delhi, _bTata McGraw hill education private Ltd., _c2006. |
||
| 300 |
_axvii, 726p.: ill.; chart, figure, graph, map, picture, table. _bIndex, _c26cm. |
||
| 700 | _aPIERCY, N. F. | ||
| 856 |
_yAccess online book _fStrategic marketing _dwww.tatamcgrawhill.com |
||
| 942 |
_2ddc _cBKS |
||
| 999 |
_c3273 _d3273 |
||